National Assembly Library of Thailand

Work-related musculoskeletal disorders and developed workplace interventions program in poultry slaughterhouse workers / (ระเบียนเลขที่ 107445)

รายละเอียดในรูปแบบ MARC
000 -LEADER
fixed length control field 00942nam a2200217 4500
003 - CONTROL NUMBER IDENTIFIER
control field NALT
005 - DATE AND TIME OF LATEST TRANSACTION
control field 20251111105532.0
008 - FIXED-LENGTH DATA ELEMENTS--GENERAL INFORMATION
fixed length control field 251107b th ||||| |||| 00| 0 eng d
040 ## - CATALOGING SOURCE
Original cataloging agency NALT
050 ## - LIBRARY OF CONGRESS CALL NUMBER
Classification number RD 688
Item number B46W 2023
100 0# - MAIN ENTRY--PERSONAL NAME
Personal name Benjamaporn Hancharoenkul.
9 (RLIN) 66921
245 10 - TITLE STATEMENT
Title Work-related musculoskeletal disorders and developed workplace interventions program in poultry slaughterhouse workers /
Statement of responsibility, etc. Benjamaporn Hancharoenkul.
260 ## - PUBLICATION, DISTRIBUTION, ETC.
Place of publication, distribution, etc. Chiang Mai :
Name of publisher, distributor, etc. Chiang Mai University,
Date of publication, distribution, etc. 2023.
300 ## - PHYSICAL DESCRIPTION
Extent 97 p. :
Other physical details ill., tables, chart ;
Dimensions 30 cm.
505 2# - FORMATTED CONTENTS NOTE
Formatted contents note Chapter 1 Introduction --<br/>1.1 Rationale --<br/>1.2 Aims of study --<br/>1.3 Hypotheses of study --<br/>Chapter 2 Research articles --<br/>2.1 Published paper --<br/>2.2 Unpublished manuscript --<br/>Chapter 3 Conclusion.
650 #0 - SUBJECT ADDED ENTRY--TOPICAL TERM
General subdivision Health aspects
942 ## - ADDED ENTRY ELEMENTS (KOHA)
Source of classification or shelving scheme Library of Congress Classification
Koha item type Research/Thesis
996 ## - STAFF PROCESSING RECORDS (NALT)
Staff name jidapa.t
Staff type ACQSTF
Acquisition or Cataloging date 2025-11-07
996 ## - STAFF PROCESSING RECORDS (NALT)
Staff name varee.k
Staff type LIBSTF
Acquisition or Cataloging date 2025-11-10
998 ## - STAFF NAME (NALT)
-- 1020
-- นางจำเรียง ระวังสำโรง
รายการที่มีในห้องสมุด
Withdrawn status Lost status Source of classification or shelving scheme Damaged status Not for loan Collection code Home library Current library Shelving location Date acquired Total Checkouts Full call number Barcode Date last seen Price effective from Koha item type
    Library of Congress Classification     Research & Theses collection National Assembly Library of Thailand National Assembly Library of Thailand Research & Theses shelves 07/11/2025   Res RD 688 B46W 2023 3961215820 07/11/2025 07/11/2025 Research/Thesis
หอสมุดรัฐสภา
สำนักงานเลขาธิการสภาผู้แทนราษฎร เลขที่ 1111 ถนนสามเสน แขวงถนนนครไชยศรี เขตดุสิต กรุงเทพฯ 10300
The Secretariat of the House of Representatives 1111 Samsen Road, Thanon Nakhon Chai Si, Dusit, Bangkok 10300, THAILAND
โทรศัพท์: +66(0) 2242 5900 ต่อ 5714-5 โทรสาร: +66(0) 2242 5990 อีเมล: [email protected]